| 000 | 00000nam 2200000zi 4500 |
| 001 | 9.889413 |
| 003 | CaOODSP |
| 005 | 20250122145519 |
| 006 | m o d f |
| 007 | cr cn||||||||| |
| 008 | 200716t20202020quca o f000 0 eng d |
| 020 | |a9780660355689 |
| 040 | |aCaOODSP|beng|erda|cCaOODSP |
| 043 | |an-cn-ab |
| 086 | 1 |aEn4-402/1-2020E-PDF |
| 245 | 00|aGuidance on using eligible Alberta emission offsets as recognized units for compensation under the federal OBPS. |
| 250 | |a[2020 edition]. |
| 264 | 1|aGatineau QC : |bEnvironment and Climate Change Canada = Environnement et changement climatique Canada, |c2020. |
| 264 | 4|c©2020 |
| 300 | |a1 online resource (11 pages) : |billustrations |
| 336 | |atext|btxt|2rdacontent |
| 337 | |acomputer|bc|2rdamedia |
| 338 | |aonline resource|bcr|2rdacarrier |
| 500 | |aCover title. |
| 500 | |a"August 2020." |
| 500 | |aIssued also in French under title: Guide sur l'utilisation de crédits compensatoires pour les émissions de l'Alberta admissibles à titre d'unités reconnues aux fins de compensation dans le cadre du STFR fédéral. |
| 520 | |a"This is intended for persons responsible for covered facilities under the federal Output-Based Pricing System Regulations (OBPS Regulations) who choose to remit eligible emission offsets from the Alberta Emission Offset System as recognized units for the purposes of providing compensation for excess emissions"--Page 1. |
| 650 | 0|aEmissions trading|zAlberta. |
| 650 | 0|aCarbon offsetting|zAlberta. |
| 650 | 0|aGreenhouse gas mitigation|zAlberta. |
| 710 | 1 |aCanada. |bEnvironment and Climate Change Canada, |eissuing body. |
| 775 | 08|tGuide sur l'utilisation de crédits compensatoires pour les émissions de l'Alberta admissibles à titre d'unités reconnues aux fins de compensation dans le cadre du STFR fédéral.|w(CaOODSP)9.889416 |
| 794 | |tGuidance on using eligible Alberta emission offsets as recognized units for compensation under the federal OBPS.|b(2024)|w(CaOODSP)9.938452 |
| 856 | 40|qPDF|s1.21 MB|uhttps://publications.gc.ca/collections/collection_2021/eccc/En4-402-1-2020-eng.pdf |